Cyclisme : Top 20 du Santos Tour Down Under 2026 - Statistiques

Statistiques générales
  • Ce quiz a été pris 11 fois
  • Le résultat moyen est 5 sur 20
Statistiques - réponses
Hint Réponse % Correct
1er Jay Vine
91%
2ème Mauro Schmid
64%
10ème Ben O'Connor
45%
6ème Andrea Raccagni Noviero
27%
16ème Chris Harper
27%
8ème Filippo Zana
27%
3ème Harry Sweeny
27%
5ème Andreas Kron
18%
14ème Anton Schiffer
18%
20ème Georg Zimmermann
18%
4ème Marco Brenner
18%
9ème Matteo Sobrero
18%
17ème Sam Oomen
18%
15ème Alveiro Jefferson Cepeda
9%
13ème Chris Hamilton
9%
18ème Edoardo Zambanini
9%
11ème Natnael Tesfatsion
9%
19ème Oliver Bleddyn
9%
7ème Anthon Charming
0%
12ème Embret Svestad-Barseng
0%
Aucun quiz correspondant
Distribution des résultats
% des personnes avec chaque résultat
Percentile par nombre de réponses
Votre historique - résultats
Vous n’avez pas pris ce quiz